000 03644nam a2200577 a 4500
005 20240807102748.0
008 100707s2017||||sp d f |||| 00| 0 spa d
020 _aS/N
041 _aspa
092 _c616.89
_l10
_sCAR
100 1 _aCarvalho, André F.
_eEd.
_94177
245 _aTratamiento del trastorno bipolar.
_bEstrategias clínicas integradoras y orientaciones futuras /
_cAndré F. Carvalho
250 _a1a ed.
_bEdición en español por HS Pharma Solutions
260 _aNew York:
_bOxford University Press;
_c2017.
300 _a473 p.
_bil.
500 _aCarvalho, A. F. y Vieta, E. (Eds.). (2017). Tratamiento del trastorno bipolar. Estrategias clínicas integradoras y orientaciones futuras. (1a ed.). New York : Oxford.
653 _aClasificación actual de los trastornos bipolares
653 5 _a¿Los trastornos bipolares deberian modelarse de manera dimensional o categorial?
653 3 _aEl tratamiento del trastorno bipolar en sus primeros estadios: técnicas actuales, desafíos y perspectivas futuras
653 _aTratamiento de la mania basado en la evidencia
653 _aTratamiento de los estados mixtos bipolares
653 _aTratamiento del trastorno bipolar en ciclado rápido
653 _aTratamiento basado en la evidencia de la depresión bipolar
653 _aTratamiento de mantenimiento basado en la evidencia del trastorno bipolar
653 _aTratamiento del trastorno bipolar
653 _aTratamiento de la ciclotimia
653 _aIntervenciones psicológicas en el trastorno bipolar en estadio temprano
653 _aIntervenciones psicoterapéuticas para el tratamiento bipolar
653 3 _aEl papel de la psicoeducación en el tratamiento del trastorno bipolar
653 _aTerapia de recuperación funcional para el trastorno bipolar
653 _aPolaridad predominante, polaridad índice y selección del tratamiento en el trastorno bipolar
653 3 _aLa evaluación y el tratamiento del riesgo de suicidio en el trastorno bipolar
653 _aImplicancias del tratamiento del trastorno bipolar concurrente con síndromes de ansiedad y abuso de sustancias
653 3 _aEl impacto de la comorbilidad psiquiátrica en el tratamiento del trastorno bipolar: enfoque en el trastorno por déficit de atención con hiperactividad y trastornos de la alimentación concurrentes
653 _aRelaciones bidireccionales entre entidades médicas generales y el trastorno bipolar: consideraciones para el tratamiento
653 3 _aEl tratamiento del trastorno bipolar en mujeres
653 3 _aEl tratamiento del trastorno bipolar en niños y adolescentes
653 3 _aEl tratamiento del trastorno bipolar en los ancianos
653 _aManejo del trastorno bipolar resistente al tratamiento
653 _aEstadificación y neuroprogresión en el trastorno bipolar
653 _aFarmacoloterapia del trastorno bipolar: impacto sobre la neurocognición
653 _aMejoría cognitiva en el trastorno bipolar, evidencia actual y consideraciones metodológicas
653 3 _aEl rol de la terapia electroconvulsiva en el tratamiento del trastorno bipolar
653 _aAbordajes neuromoduladores para el trastorno bipolar: evidencias actuales y perspectivas futuras
653 3 _aEl rol de las terapias complementarias y alternativas para el tratamiento del trastorno bipolar
653 _aNuevos objetivos terapéuticos para el trastorno bipolar
653 3 _aEl tratamiento del trastorno bipolar en la era de la medicina personalizada: ¿mito o promesa?
700 1 _aVieta, Eduardo
_eEd.
_94178
930 _a1235
942 _2ddc
_cBK
999 _c3186
_d3186